Accounts at a glance, Andhra Pradesh, 2017-2018 (Record no. 510662)

000 -LEADER
fixed length control field 00568cam a22001457a 4500
008 - FIXED-LENGTH DATA ELEMENTS--GENERAL INFORMATION
fixed length control field 180718b-- xxu||||| |||| 00| 0 eng d
082 ## - DEWEY DECIMAL CLASSIFICATION NUMBER
Classification number L906x5451\2017-18
245 ## - TITLE STATEMENT
Title Accounts at a glance, Andhra Pradesh, 2017-2018
260 ## - PUBLICATION, DISTRIBUTION, ETC. (IMPRINT)
Place of publication, distribution, etc Hyderabad
Name of publisher, distributor, etc Principal Accountant General (Accounts and Entitlements)
Date of publication, distribution, etc 2019
300 ## - PHYSICAL DESCRIPTION
Extent 39p.
500 ## - GENERAL NOTE
General note Library has 1998/99-2009/10, 2011-2012, 2017-2018
650 ## - SUBJECT ADDED ENTRY--TOPICAL TERM
Topical term or geographic name as entry element Andhra Pradesh - Appropriations and expenditures
9 (RLIN) 4630
700 ## - ADDED ENTRY--PERSONAL NAME
Personal name Andhra Pradesh. Principal Accountant General (Accounts and Entitlements)
9 (RLIN) 4631
942 ## - ADDED ENTRY ELEMENTS (KOHA)
Source of classification or shelving scheme
Holdings
Withdrawn status Lost status Source of classification or shelving scheme Damaged status Koha normalized classification for sorting Not for loan Permanent location Current location Date acquired Full call number Barcode Date last seen Price effective from Koha item type
        L_906X5451201718   Indian Institute of Public Administration Indian Institute of Public Administration 2019-08-27 L906x5451\2017-18 gg34695 2019-08-27 2019-08-27 GG

Powered by Koha